Loading...

In other words

Bibliographic Details
Main Author: Baker, Mona
Format: Printed Book
Published: London Routledge 1992
Subjects:
LEADER 00465cam a2200169ua 4500
020 |a 0-415-03085-4 
082 |a 410.1  |b BAK/I 
100 |a Baker, Mona 
245 0 0 |a In other words  
260 |a London  |b Routledge  |c 1992 
300 |a x, 304p. 
500 |a Includes index. 
650 0 |a Linguistics 
650 0 |a Language 
942 |c REF 
999 |c 2115  |d 2115 
952 |0 0  |1 0  |4 0  |6 410_100000000000000_BAKI  |7 0  |9 2203  |a KUCL  |b KUCL  |d 2014-05-23  |l 0  |o 410.1 BAK/I  |p 05240  |r 2017-03-04  |y REF